00914nam a22002417a 4500999001500000001000600015003000900021005001700030008004100047020001500088040003800103082001900141100002400160245005500184250001200239260005900251300004700310504005100357650002000408942001200428952011600440952011600556 c6592d659219705BD-DhUAP20210104125732.0200129r20152012nyua b 001 0 eng d a8131518205 aBD-DhUAPbEngcBD-DhUAPdBD-DhUAP00223a338.5 MAN 1 aMankiw, N. Gregory.10aPrinciples of microeconomics /cN. Gregory Mankiw. a6th ed. aAndover :bCengage Learning, cc2012 [Reprinted 2015]. axxiv, 503 pages :billustrations ;c26 cm. aIncludes bibliographical references and index. 0aMicroeconomics. 2ddccBK 00102ddc4070aUAPCLbUAPCLcGeneral Stacksd2021-01-04o338.5 MANp3010019705r2021-01-04t1w2021-01-04yBK 00102ddc4070aUAPCLbUAPCLcGeneral Stacksd2021-01-04o338.5 MANp3010019704r2021-01-04t2w2021-01-04yBK